Bankové operácie

Salvato in:
Dettagli Bibliografici
Autore principale: Boušková, Dagmar
Ente Autore: Ekonomická univerzita v Bratislave. Fakulta hospodárskej informatiky
Altri autori: Horvátová, Eva, 1958-, Kováčová, Dagmar
Natura: Libro
Lingua:slovacco
Pubblicazione: Bratislava Vydavateľstvo EKONÓM 2009
Soggetti:
Tags: Aggiungi Tag
Nessun Tag, puoi essere il primo ad aggiungerne!!

MARC

LEADER 00000nam$a2200000$$$4500
001 0107938
005 20240502072206.8
020 |a 978-80-225-2859-7 
041 0 |a slo 
044 |a SK 
245 1 0 |a Bankové operácie  |c Dagmar Boušková 
264 1 |a Bratislava  |b Vydavateľstvo EKONÓM  |c 2009 
300 |a 234 s. [11,849 AH] 
610 2 0 |a banky 
610 2 0 |a bankovníctvo 
610 2 0 |a operácie bankové 
610 2 0 |a sústava banková 
610 2 0 |a zákony 
610 2 0 |a pobočky bankové 
610 2 0 |a dohľad bankový 
610 2 0 |a likvidácia 
610 2 0 |a emisie 
610 2 0 |a obchody bankové 
610 2 0 |a úver 
610 2 0 |a styk platobný 
610 2 0 |a styk platobný medzinárodný 
610 2 0 |a úrok 
610 2 0 |a bankovníctvo elektronické 
610 2 0 |a bankovníctvo investičné 
610 2 0 |a Slovensko 
100 1 |a Boušková, Dagmar 
700 1 |a Horvátová, Eva, 1958- 
700 1 |a Kováčová, Dagmar 
710 2 |a Ekonomická univerzita v Bratislave. Fakulta hospodárskej informatiky